000 00596nam a2200205Ia 4500
005 20250508163402.0
008 008 250505s9999 xx 000 0 eng d
020 _a0-87705-406-1
037 _aTextual
040 _aFEDL
_beng
_cFEDL
041 _aeng
_2eng
084 _a157.6, POW
_qFEDL
100 _aPowell David J.
_9482476
245 0 _aClinical supervision skills for substance abuse counselors
260 _aNew York, USA
_bHuman Sciences Press
_c1980
300 _a240p.
650 _aAbnormal Psychology
942 _cTEXL
_h157.6, POW
999 _c1382729
_d1382729